|
|
|
|
| LEADER |
00000nab a2200000ua 4500 |
| 001 |
vtls010785900 |
| 003 |
SK-MaSNL |
| 005 |
20260303191204.0 |
| 008 |
230218s2006 xo |||||||||||||||||eng| |
| 035 |
|
|
|a (urnnbn)urn:nbn:sk:snk:ar-a03r64
|
| 035 |
|
|
|a (uuid)e641be07-6ce2-4ef2-8f79-29a6b89e0418
|
| 035 |
|
|
|a urn:nbn:sk:snk-ab5e5d
|
| 040 |
|
|
|a SNKBUCL
|b slo
|c SNKBUCL
|e AACR2
|
| 041 |
0 |
|
|a eng
|
| 044 |
|
|
|a xo
|c SK
|
| 100 |
1 |
|
|a Dumitru, I.
|4 aut
|9 1220366
|
| 245 |
1 |
0 |
|a COMPLEX PERMEABILITY AND POWER LOSS MEASUREMENTS ON Ni-Zn-In-Ti FERRITES
|c I. Dumitru, Kim Cheolgi, B. Parvatheeswara Rao, C.O. Kim, O. F. Caltun, W.S. Cho
|
| 700 |
1 |
|
|a Cheolgi, Kim
|4 aut
|9 1220367
|
| 700 |
1 |
|
|a Rao, Parvatheeswara B.
|4 aut
|9 1220368
|
| 700 |
1 |
|
|a Kim, C. O.
|4 aut
|9 1220369
|
| 700 |
1 |
|
|a Caltun, O. F.
|4 aut
|9 1220370
|
| 700 |
1 |
|
|a Cho, W. S.
|4 aut
|9 1220371
|
| 773 |
0 |
|
|t Journal of electrical engineering
|g Roč. 57, č. 8 (2006), s. [130]-133
|
| 958 |
|
|
|a OND
|
| 958 |
|
|
|a EUIPO
|
| 958 |
|
|
|a article3
|
| 999 |
|
|
|c 2139798
|d 2141728
|